000 00358nam a2200145Ia 4500
008 191201s2004 xx 000 0 und d
082 _a620.0044
_bJAM
100 _aJAIN, R K
245 0 _aMechanical and Industrial Measurements
250 _a11th
260 _aN.Delhi
_bKhanna Publisher
_c2004
300 _a1204
650 _aB.Tech(ME)
942 _2ddc
_cBK
999 _c1734
_d1734